000 00946nam a2200277 a 4500
003 OSt
005 20251001083245.0
008
020 _a9780323431477 (Paperback)
040 _aNUST
_cNUST
_beng
_dNUST
_eNUST
050 _aRB46.5 TUR
100 1 _aTurgeon, Mary Louise.,
_aauthor.
245 1 0 _aImmunology & serology in laboratory medicine/
_c Mary Louise Turgeon.
250 _aSixth edition.
260 _aSt. Louis, Missouri :
_bElsevier,
_c©2018.
300 _ax, 589 pages :
_billustrations (chiefly colour) ;
_c28 cm.
336 _atext
_btxt
_2rdacontent
337 _aunmediated
_bn
_2rdamedia
338 _avolume
_bnc
_2rdacarrier
504 _aIncludes bibliographical references and index
650 1 _aSerodiagnosis.
650 _aImmunodiagnosis.
650 _aSerology.
650 _aImmunology.
942 _cBOOKS
_kRB46.5
_mTUR
_2lcc
_eSixth edition
_hRB46.5 TUR
_n0
999 _c120790
_d120790